000 00220nam a22000857a 4500
999 _c24651
_d24651
003 Nust
005 20170525113448.0
008 140618b xxu||||| |||| 00| 0 eng d
020 _cAvailable
_a9780073376295
040 _aDLC
_bDLC
_cRCMS
082 _29th, ed.
_a658.40 HIL
100 _aFrederick S. Hillier
_91407
245 _aIntroduction to Operation Research
250 _a9th, ed.
260 _aUSA
_bMcGraw-Hill
_cc2010.
300 _axxiv, 1047 p. :
_bill, ;
_c27 cm.
538 _iShelf # 12, Row # 2, System Engineering.
650 _aOperation Research
_91219
856 _3Table of Contents Only.
942 _2ddc
_cBK
_e9th, ed.
_k658.40 HIL